[Event "Zhukovsky-A 02"]
[Site "Zhukovsky"]
[Date "2011.02.09"]
[Round "3"]
[White "Ivanov, Andrey Vlad"]
[Black "Sidorov, Evgeniy"]
[Result "1/2-1/2"]
[WhiteElo "1758"]
[BlackElo "1930"]
[PlyCount "37"]
[EventDate "2011.02.09"]
[EventType "swiss"]
[EventRounds "9"]
[EventCountry "RUS"]
[SourceTitle "EXT 2022"]
[Source "ChessBase"]
[SourceDate "2021.10.06"]
[SourceVersion "1"]
[SourceVersionDate "2021.10.06"]
[SourceQuality "1"]

1. e4 e5 2. Nf3 Nc6 3. Bb5 a6 4. Bxc6 dxc6 5. d4 exd4 6. Qxd4 Qxd4 7. Nxd4 Nf6 8. Nc3 Bb4 9. e5 Ne4 10. Nde2 Nxc3 11. Nxc3 Bxc3+ 12. bxc3 Bf5 13. Kd1 Rd8+ 14. Bd2 0-0 15. Kc1 Be4 16. f3 Bg6 17. Re1 Rd5 18. c4 Rdd8 19. Bc3 1/2-1/2

[Event "Zhukovsky op 05"]
[Site "Zhukovsky"]
[Date "2011.??.??"]
[Round "3"]
[White "Kuznetsov, Yuri"]
[Black "Sidorov, Evgeniy"]
[Result "0-1"]
[WhiteElo "2022"]
[BlackElo "1930"]
[PlyCount "120"]
[EventDate "2011.05.15"]
[EventType "swiss"]
[EventRounds "9"]
[EventCountry "RUS"]
[SourceTitle "EXT 2012"]
[Source "ChessBase"]
[SourceDate "2011.11.24"]
[SourceVersion "1"]
[SourceVersionDate "2011.11.24"]
[SourceQuality "1"]

1. d4 Nf6 2. c4 e5 3. dxe5 Ng4 4. Bf4 g5 5. Bg3 Bg7 6. Nf3 Nc6 7. Nc3 Ngxe5 8. Nxe5 Nxe5 9. e3 d6 10. Qc2 Be6 11. Be2 Qd7 12. b3 Bf5 13. Qd2 Nc6 14. Rd1 a6 15. 0-0 h5 16. h4 g4 17. c5 dxc5 18. Qxd7+ Bxd7 19. Nd5 Kf8 20. Bxc7 Bf5 21. Bd6+ Kg8 22. Bxc5 Re8 23. Ba3 Rh6 24. Bc4 Be4 25. Rc1 b5 26. f3 gxf3 27. gxf3 bxc4 28. fxe4 cxb3 29. axb3 Rxe4 30. Rxc6 Rxc6 31. Ne7+ Rxe7 32. Bxe7 Rc3 33. Bf6 Rxe3 34. Rf5 Bxf6 35. Rxf6 Rxb3 36. Rxa6 Rb4 37. Ra5 Rxh4 38. Kg2 Kg7 39. Kg3 Rg4+ 40. Kf3 Kg6 41. Rb5 f6 42. Ra5 Rg5 43. Ra4 Rf5+ 44. Kg3 Kg5 45. Ra8 h4+ 46. Kg2 Kg4 47. Rh8 Rh5 48. Rg8+ Rg5 49. Rh8 Rb5 50. Rg8+ Kf4 51. Ra8 Rb3 52. Ra4+ Kg5 53. Ra8 h3+ 54. Kf2 h2 55. Rh8 Kg4 56. Rxh2 Rb2+ 57. Kg1 Rxh2 58. Kxh2 Kf3 59. Kg1 f5 60. Kf1 f4 0-1

[Event "Zhukovsky Rating-A 08"]
[Site "Zhukovsky"]
[Date "2009.08.14"]
[Round "7"]
[White "Titov, Sergo"]
[Black "Sidorov, Evgeniy"]
[Result "0-1"]
[WhiteElo "1906"]
[BlackElo "1943"]
[PlyCount "118"]
[EventDate "2009.08.14"]
[EventType "swiss"]
[EventRounds "7"]
[EventCountry "RUS"]
[SourceTitle "EXT 2022"]
[Source "ChessBase"]
[SourceDate "2021.10.06"]
[SourceVersion "1"]
[SourceVersionDate "2021.10.06"]
[SourceQuality "1"]

1. d4 Nf6 2. Nf3 d6 3. Nbd2 Bg4 4. h3 Bh5 5. e4 Nbd7 6. Bd3 e5 7. c3 c6 8. Qb3 Qc7 9. 0-0 Be7 10. a4 0-0 11. Re1 Rfb8 12. g4 Bg6 13. Nf1 c5 14. d5 c4 15. Qxc4 Qxc4 16. Bxc4 Bxe4 17. g5 Bxf3 18. gxf6 Nxf6 19. Ne3 g6 20. a5 Nh5 21. Kh2 f5 22. Nf1 Nf6 23. Bg5 Rc8 24. Ra4 Rc5 25. Be3 Rc7 26. Bg5 Kg7 27. Ne3 Ne4 28. Bxe7 Rxe7 29. Bd3 Nc5 30. Rd4 Rae8 31. Bb5 exd4 32. cxd4 Ne4 33. Bxe8 Rxe8 34. Nc4 Rc8 35. b3 g5 36. Re3 g4 37. hxg4 fxg4 38. Rxe4 Rxc4 39. Re7+ Kf8 40. Rxh7 Rb4 41. Rd7 Bxd5 42. Rxd6 Rxd4 43. a6 b6 44. Rd7 Rd3 45. f3 gxf3 46. Kg3 Ke8 47. Rxa7 Rxb3 48. Rh7 Ra3 49. a7 Kd8 50. Rh5 Bc6 51. Rh6 Kc7 52. Rh7+ Bd7 53. Rf7 Rxa7 54. Rxf3 b5 55. Kf4 Ra8 56. Ke5 Ra4 57. Rf6 Bc6 58. Rf2 Re4+ 59. Kf5 Re1 0-1

[Event "Zhukovsky op-A"]
[Site "Zhukovsky"]
[Date "2008.11.28"]
[Round "4"]
[White "Dolgova, Tamara"]
[Black "Sidorov, Evgeniy"]
[Result "1-0"]
[WhiteElo "1929"]
[BlackElo "1977"]
[PlyCount "49"]
[EventDate "2008.11.28"]
[EventType "swiss"]
[EventRounds "9"]
[EventCountry "RUS"]
[SourceTitle "EXT 2022"]
[Source "ChessBase"]
[SourceDate "2021.10.06"]
[SourceVersion "1"]
[SourceVersionDate "2021.10.06"]
[SourceQuality "1"]

1. e4 d6 2. d4 Nf6 3. Nc3 c6 4. Nf3 Bg4 5. Bd3 Nbd7 6. h3 Bh5 7. g4 Bg6 8. e5 Bxd3 9. Qxd3 Nd5 10. e6 fxe6 11. Ng5 Nc7 12. Nxh7 Nf6 13. Ng5 Qd7 14. Qg6+ Kd8 15. Nf7+ Kc8 16. Nxh8 c5 17. dxc5 Qc6 18. Rg1 Qxc5 19. Be3 Qa5 20. Qf7 Kd7 21. Ng6 Nh7 22. 0-0-0 Ng5 23. Nxf8+ Kc6 24. Qxe7 Nd5 25. Qd7# 1-0

[Event "Zhukovsky Cup"]
[Site "Zhukovsky"]
[Date "2008.??.??"]
[Round "1"]
[White "Rigovich, Albert"]
[Black "Sidorov, Evgeniy"]
[Result "0-1"]
[WhiteElo "2022"]
[BlackElo "1970"]
[PlyCount "60"]
[EventDate "2008.04.21"]
[EventType "swiss"]
[EventRounds "9"]
[EventCountry "RUS"]
[SourceTitle "EXT 2022"]
[Source "ChessBase"]
[SourceDate "2021.10.06"]
[SourceVersion "1"]
[SourceVersionDate "2021.10.06"]
[SourceQuality "1"]

1. e4 b6 2. d4 e6 3. Be3 Bb7 4. Bd3 Nf6 5. f3 c5 6. c3 Nc6 7. Nd2 cxd4 8. cxd4 Nb4 9. Bb1 Be7 10. a3 Nc6 11. Ne2 0-0 12. g4 e5 13. d5 Nd4 14. Nxd4 exd4 15. Bxd4 Ba6 16. f4 Qc7 17. Be3 Bc5 18. Bxc5 Qxc5 19. Qf3 Qc1+ 20. Qd1 Qxb2 21. g5 Qxa1 22. gxf6 Qxf6 23. Qg4 Qb2 24. Rg1 Qc1+ 25. Qd1 Rac8 26. Kf2 Qc5+ 27. Kg2 Qxa3 28. e5 f5 29. Nf3 Qb2+ 30. Kh1 Be2 0-1

[Event "Zhukovsky Cup"]
[Site "Zhukovsky"]
[Date "2008.??.??"]
[Round "4"]
[White "Sidorov, Evgeniy"]
[Black "Dolgova, Tamara"]
[Result "1-0"]
[WhiteElo "1970"]
[BlackElo "1914"]
[PlyCount "79"]
[EventDate "2008.04.21"]
[EventType "swiss"]
[EventRounds "9"]
[EventCountry "RUS"]
[SourceTitle "EXT 2022"]
[Source "ChessBase"]
[SourceDate "2021.10.06"]
[SourceVersion "1"]
[SourceVersionDate "2021.10.06"]
[SourceQuality "1"]

1. d4 d5 2. Nf3 Nf6 3. Bg5 e6 4. e3 Nbd7 5. Nbd2 Be7 6. Bd3 h6 7. Bh4 c5 8. c3 0-0 9. Ne5 Ne8 10. Bg3 Nxe5 11. dxe5 f6 12. f4 fxe5 13. fxe5 Nc7 14. Qg4 Bd7 15. Qg6 Rf5 16. Bxf5 exf5 17. Qh5 Qe8 18. Qf3 Qf7 19. 0-0 g5 20. e6 Nxe6 21. Qxf5 Qxf5 22. Rxf5 d4 23. exd4 cxd4 24. Rd5 dxc3 25. bxc3 Rd8 26. Nb3 Bf6 27. Rad1 Bc6 28. Rxd8+ Bxd8 29. Rd6 Bb6+ 30. Bf2 Bxf2+ 31. Kxf2 Kf7 32. Na5 Ke7 33. Rd2 Nd8 34. Nxc6+ Nxc6 35. Rb2 b6 36. Rd2 Ke6 37. Ke3 b5 38. Ke4 a6 39. Rd5 Ne7 40. Rd8 1-0

[Event "Zhukovsky op"]
[Site "Zhukovsky"]
[Date "2008.??.??"]
[Round "4"]
[White "Sidorov, Evgeniy"]
[Black "Tamarovskiy, Andrey"]
[Result "1/2-1/2"]
[WhiteElo "2002"]
[BlackElo "1929"]
[PlyCount "138"]
[EventDate "2008.08.22"]
[EventType "swiss"]
[EventRounds "9"]
[EventCountry "RUS"]
[SourceTitle "CBM 126 Extra"]
[Source "ChessBase"]
[SourceDate "2008.11.05"]
[SourceVersion "1"]
[SourceVersionDate "2008.11.05"]
[SourceQuality "1"]

1. d4 d5 2. Bg5 Nf6 3. Bxf6 exf6 4. e3 Bd6 5. Nc3 c6 6. Bd3 Qc7 7. h3 0-0 8. Qh5 g6 9. Qh6 Re8 10. Nge2 Be6 11. a3 b5 12. 0-0 a6 13. Rae1 c5 14. dxc5 Bxc5 15. Nd4 b4 16. axb4 Bxb4 17. Nde2 Nd7 18. Nf4 Ne5 19. Nfxd5 Bxd5 20. Nxd5 Qd6 21. Rd1 Nxd3 22. Rxd3 Bc5 23. Qh4 Kg7 24. b4 Bb6 25. Rfd1 Bd8 26. Qc4 Qe5 27. Qc6 Ra7 28. Nf4 a5 29. Rxd8 Rxd8 30. Rxd8 a4 31. Qb6 Rc7 32. Qd6 Qxd6 33. Rxd6 Rxc2 34. Ra6 Ra2 35. b5 a3 36. b6 Rb2 37. Rxa3 Rxb6 38. Nd5 Rd6 39. e4 f5 40. f3 fxe4 41. fxe4 Re6 42. Re3 h5 43. h4 Ra6 44. e5 Ra5 45. Nf6 Kh6 46. Kf2 g5 47. hxg5+ Kxg5 48. Nd7 Ra7 49. Rd3 h4 50. Kf3 Ra4 51. Rd6 Ra3+ 52. Kf2 Ra7 53. Rd3 Rb7 54. Kf3 Ra7 55. Ke4 Ra2 56. Kf3 Ra7 57. Nf6 Kf5 58. Ne8 Re7 59. Nd6+ Kxe5 60. Kg4 Ra7 61. Kxh4 f5 62. g3 Rh7+ 63. Kg5 Rg7+ 64. Kh5 Rh7+ 65. Kg6 Ra7 66. Nxf5 Ke4 67. Re3+ Kd5 68. Ne7+ Kd4 69. Nc6+ Kxe3 1/2-1/2

[Event "Zhukovsky op"]
[Site "Zhukovsky"]
[Date "2008.??.??"]
[Round "2"]
[White "Tarabtsev, Ivan"]
[Black "Sidorov, Evgeniy"]
[Result "1-0"]
[WhiteElo "1917"]
[BlackElo "2002"]
[PlyCount "107"]
[EventDate "2008.08.22"]
[EventType "swiss"]
[EventRounds "9"]
[EventCountry "RUS"]
[SourceTitle "CBM 126 Extra"]
[Source "ChessBase"]
[SourceDate "2008.11.05"]
[SourceVersion "1"]
[SourceVersionDate "2008.11.05"]
[SourceQuality "1"]

1. Nf3 d5 2. c4 c6 3. b3 Bg4 4. g3 e6 5. Bg2 Nd7 6. Bb2 Ngf6 7. d3 Bd6 8. Nbd2 0-0 9. 0-0 h6 10. Rc1 e5 11. c5 Bc7 12. b4 Qe7 13. Re1 e4 14. dxe4 Nxe4 15. Nd4 Nxd2 16. Qxd2 Nf6 17. Ba1 Qd7 18. a4 a6 19. Nf3 Rae8 20. Bxf6 gxf6 21. Qxh6 Qf5 22. h3 Qh5 23. Qxh5 Bxh5 24. Nd4 Bg6 25. e3 Be5 26. Red1 Bb8 27. b5 Rc8 28. bxc6 bxc6 29. Bf1 a5 30. Bd3 Be5 31. Bxg6 fxg6 32. Rb1 Bxd4 33. exd4 Rb8 34. Rb6 Rxb6 35. cxb6 Rb8 36. Rb1 Rb7 37. Kg2 Kf7 38. Kf3 Ke6 39. h4 Kd6 40. g4 c5 41. dxc5+ Kxc5 42. h5 Kc6 43. hxg6 Rb8 44. b7 Kc7 45. Kf4 d4 46. Ke4 d3 47. Kxd3 Rd8+ 48. Ke4 Kb8 49. Kf5 Rd5+ 50. Kxf6 Rd6+ 51. Kg5 Rd5+ 52. Kh6 Rd4 53. f3 Rd6 54. Kh7 1-0

[Event "Zhukovsky Cup"]
[Site "Zhukovsky"]
[Date "2008.??.??"]
[Round "3"]
[White "Vatolin, Aleksey"]
[Black "Sidorov, Evgeniy"]
[Result "0-1"]
[WhiteElo "1514"]
[BlackElo "1970"]
[PlyCount "72"]
[EventDate "2008.04.21"]
[EventType "swiss"]
[EventRounds "9"]
[EventCountry "RUS"]
[SourceTitle "EXT 2022"]
[Source "ChessBase"]
[SourceDate "2021.10.06"]
[SourceVersion "1"]
[SourceVersionDate "2021.10.06"]
[SourceQuality "1"]

1. e4 d6 2. d4 Nf6 3. Nc3 c6 4. Nf3 Qa5 5. Bd2 Qb6 6. Na4 Qc7 7. Nc3 e5 8. d5 Bg4 9. h3 Bh5 10. Be2 Bg6 11. dxc6 bxc6 12. Bd3 Be7 13. Qe2 Nbd7 14. g4 h5 15. g5 Nh7 16. h4 Nb6 17. 0-0-0 Nf8 18. Be3 Ne6 19. Bc4 Nxc4 20. Qxc4 0-0 21. Kb1 Rfb8 22. Nd2 a5 23. a3 Qb7 24. Qb3 Qc8 25. Qc4 Nd8 26. Na4 Ra6 27. Nc3 d5 28. exd5 Bxa3 29. Nb3 Rb4 30. Qe2 Rxb3 31. Ka2 Rxb2+ 32. Kxa3 Rxc2 33. Qc4 Qb7 34. Rb1 Rxc3+ 35. Qxc3 Bxb1 36. Qxe5 Qb4# 0-1

[Event "Zhukovsky Naukograd-D"]
[Site "Zhukovsky"]
[Date "2007.04.01"]
[Round "2"]
[White "Mokhov, Anatoly"]
[Black "Sidorov, Evgeniy"]
[Result "0-1"]
[WhiteElo "2061"]
[BlackElo "1904"]
[PlyCount "152"]
[EventDate "2007.04.01"]
[EventType "tourn"]
[EventRounds "11"]
[EventCountry "RUS"]
[SourceTitle "EXT 2022"]
[Source "ChessBase"]
[SourceDate "2021.10.06"]
[SourceVersion "1"]
[SourceVersionDate "2021.10.06"]
[SourceQuality "1"]

1. d4 Nf6 2. c4 e6 3. Nc3 d5 4. Nf3 Bb4 5. Qc2 c6 6. a3 Bd6 7. e3 0-0 8. Bd3 dxc4 9. Bxc4 Nbd7 10. Bd3 e5 11. Ne4 Nxe4 12. Bxe4 g6 13. dxe5 Nxe5 14. Nxe5 Bxe5 15. Bd2 Qc7 16. 0-0-0 Be6 17. Kb1 Rfd8 18. h4 f5 19. Bf3 Qf7 20. Bc3 Rxd1+ 21. Qxd1 Bxc3 22. bxc3 Qe7 23. Kb2 Rd8 24. Qc1 Qc5 25. Rd1 Qb5+ 26. Ka1 Rxd1 27. Qxd1 Qa5 28. Kb2 Kf7 29. h5 g5 30. Be2 Bd5 31. g3 g4 32. Qd4 Qb6+ 33. Qxb6 axb6 34. c4 Be4 35. Kc3 c5 36. Bd1 Kf6 37. Ba4 Bc6 38. Bc2 h6 39. Kd2 Ke5 40. Ke2 b5 41. Bd3 bxc4 42. Bxc4 Bd5 43. Bb5 Bf7 44. a4 b6 45. Bc6 Bxh5 46. Kd3 Bf7 47. f4+ gxf3 48. Bxf3 Bd5 49. Bh5 Bb3 50. Be8 Bd5 51. Bh5 c4+ 52. Kd2 Ke4 53. Be2 c3+ 54. Kxc3 Kxe3 55. Bh5 Kf2 56. Kd4 Bc6 57. Ke5 Kxg3 58. Kxf5 Bxa4 59. Be2 Be8 60. Ke5 h5 61. Kd6 h4 62. Ke7 Bc6 63. Kd6 h3 64. Kxc6 h2 65. Kxb6 h1Q 66. Bb5 Kf4 67. Bc6 Qg1+ 68. Kc7 Ke5 69. Bb7 Qc5+ 70. Kb8 Qb6 71. Ka8 Kd6 72. Kb8 Qa5 73. Bg2 Qb6+ 74. Bb7 Qd8+ 75. Ka7 Kc7 76. Ka6 Qd6+ 0-1

[Event "Zhukovsky Naukograd-D"]
[Site "Zhukovsky"]
[Date "2007.04.01"]
[Round "8"]
[White "Rigovich, Albert"]
[Black "Sidorov, Evgeniy"]
[Result "0-1"]
[WhiteElo "1996"]
[BlackElo "1904"]
[PlyCount "46"]
[EventDate "2007.04.01"]
[EventType "tourn"]
[EventRounds "11"]
[EventCountry "RUS"]
[SourceTitle "EXT 2022"]
[Source "ChessBase"]
[SourceDate "2021.10.06"]
[SourceVersion "1"]
[SourceVersionDate "2021.10.06"]
[SourceQuality "1"]

1. e4 g6 2. d4 Bg7 3. Nc3 d6 4. Be3 c6 5. Bd3 e5 6. d5 Ne7 7. Qd2 cxd5 8. Nxd5 Nxd5 9. Bb5+ Bd7 10. Bxd7+ Qxd7 11. Qxd5 0-0 12. 0-0-0 Qa4 13. Ne2 Qa6 14. Nc3 Nc6 15. Qxd6 Rfd8 16. Qc5 Nd4 17. Qb4 Bf8 18. Rxd4 exd4 19. Qb3 dxc3 20. Bg5 cxb2+ 21. Kb1 Rd4 22. Re1 Rc8 23. e5 Qc4 0-1

[Event "Zhukovsky-A"]
[Site "Zhukovsky"]
[Date "2007.01.04"]
[Round "3"]
[White "Sidorov, Evgeniy"]
[Black "Anisimov, Aleksandr"]
[Result "1-0"]
[WhiteElo "1862"]
[BlackElo "2282"]
[PlyCount "29"]
[EventDate "2007.01.03"]
[EventType "tourn"]
[EventRounds "11"]
[EventCountry "RUS"]
[SourceTitle "EXT 2010"]
[Source "ChessBase"]
[SourceDate "2010.11.25"]
[SourceVersion "1"]
[SourceVersionDate "2010.11.25"]
[SourceQuality "1"]

1. c4 c6 2. e4 d5 3. e5 e6 4. Nf3 Ne7 5. d4 dxc4 6. Bxc4 Nd7 7. Bg5 h6 8. Bh4 Qa5+ 9. Nc3 Nf5 10. 0-0 Nxh4 11. Nxh4 Be7 12. Bxe6 Bxh4 13. Bxf7+ Kxf7 14. Qh5+ g6 15. e6+ 1-0